| 000 | 01175nam a2200277 i 4500 | ||
|---|---|---|---|
| 003 | EG-ScBUE | ||
| 005 | 20250522134345.0 | ||
| 008 | 250504s1984 enka frb 001 0 eng d | ||
| 020 | _a071313514X (pbk.) | ||
| 040 |
_aEG-ScBUE _beng _erda _cEG-ScBUE _dEG-ScBUE |
||
| 082 | 0 | 4 |
_a532.002462 _bFRA _222 |
| 100 | 1 |
_aFrancis, J. R. D., _q(John Robert Dark), _d1979, _eauthor. |
|
| 245 | 1 | 0 |
_aCivil engineering hydraulics / _cJ. R. D. Francis, Late Professor of Hydraulics, Imperial College of Science and Technology, University of London and P. Minton, Formerly Assistant Director of Civil Engineering Department, Imperial College of Science and Technology, University of London. |
| 250 | _aFifth edition. | ||
| 264 | 1 |
_aLondon : _bEdward Arnold, _c1984. |
|
| 300 |
_axi, 387 pages : _billustrations ; _c23 cm |
||
| 336 |
_2rdacontent _atext _btxt |
||
| 337 |
_aunmediated _2rdamedia _bn |
||
| 338 |
_avolume _bnc _2rdacarrier |
||
| 500 | _aRev. ed. of: Fluid mechanics for engineering students. | ||
| 504 | _aIncludes bibliographical references and index. | ||
| 650 | 7 |
_aFluid mechanics. _2BUEsh |
|
| 655 | _vReading book | ||
| 700 | 1 |
_aMinton, P., _eauthor. |
|
| 942 |
_cBB _2ddc |
||
| 999 |
_c5960 _d5960 |
||